000 01083naa a22002897a 4500
001 BR9102092
003 BR-BrBNA
005 20240918180701.0
007 ta
008 230509b bl.||||| |||| 00| 0 por d
040 _aBR-BrBNA
_bpor
_cBiblioteca Nacional de Agricultura
041 _a(Pt)
072 _aF01
_b2120
_b3530
090 _aF01 BR9102092
100 1 _aOliveira, J.A. de
111 1 _a15. Congresso Brasileiro de Pesquisas Cafeeiras
_cMaringa, PR (Brazil)
_d26-29 Sep 1989
245 1 _aInfluencia de tipos de mudas na formacao e producao de lavouras cafeeiras
260 3 _aRio de Janeiro, RJ (Brasil):
_c1989.
500 _a15. Congresso Brasileiro de Pesquisas Cafeeiras. Trabalhos apresentados Rio de Janeiro, RJ (Brasil): 1989. p. 32-35 (BR9102092-AM)F01
650 _aCAFE
650 _aMUDA
650 _aLAVOURA
650 _aPRODUCAO
773 0 _t15. Congresso Brasileiro de Pesquisas Cafeeiras. Trabalhos apresentados
_wF01 BR9102092
_gRio de Janeiro, RJ (Brasil), 1989. p. 32-35
909 _a202404
_bLucia
_c55
_dLucia Elande
942 _cAM
_2AGRIS
999 _c321661
_d321661